| 000 | 01523cam a22003131ia4500 | ||
|---|---|---|---|
| 003 | SA-RiAUC | ||
| 005 | 20240905145533.0 | ||
| 008 | 240905s1996 le g 00010dara c | ||
| 040 |
_aADPOL _bara _cSA-RiAUC. _erda |
||
| 050 | 4 | _b.H33 1996 | |
| 082 | 0 | 4 |
_a239 _bح د ا |
| 090 |
_a239 _bح د ا |
||
| 100 | 1 |
_aالحداد، أحمد بن عبد العزيز بن قاسم _eمؤلف. |
|
| 245 | 1 | 0 |
_aأخلاق النبي صلى الله عليه وسلم في القرآن والسنة : _bدراسة تطبيقية لقول عائشة رضى الله عنها "كان خلقه القرآن" / _cتأليف أحمد بن عبد العزيز بن قاسم الحداد. |
| 250 | _aالطبعة الأولى. | ||
| 264 | 1 |
_aبيروت : _bدار الغرب الإسلامي، _c1996 |
|
| 300 |
_a3 مجلد (1641 صفحة) ؛ _c24 سم |
||
| 336 |
_aنص _btxt _2rdacontent _3كتاب |
||
| 337 |
_aبدون وسيط _bn _2rdamedia |
||
| 338 |
_aمجلد _bnc _2rdacarrier |
||
| 600 | 0 | 7 |
_aمحمد (صلى الله عليه وسلم)، _d53 قبل الهجرة-11 هجري _xأخلاق _2aucnm |
| 600 | 1 | 7 |
_aعائشة أم المؤمنين، عائشة بنت عبد الله بن عثمان، _d9 قبل الهجرة-58 هجري _2aucnm |
| 650 | 7 |
_aأخلاق الرسول في الحديث _2aucsh |
|
| 650 | 7 |
_aأخلاق الرسول في القرآن _2aucsh |
|
| 650 | 7 |
_aالسيرة النبوية _2aucsh |
|
| 730 | 2 | 2 | _aالقرآن |
| 942 |
_2ddc _cBOOK |
||
| 949 |
_aSA-JeALM _d240905 _umohamedma123 _n1 |
||
| 999 |
_c65 _d65 |
||